000 00971nam a2200265Ia 4500
008 130821s2011 xxua gr spa
020 _a9781608314126
040 _aCo-BoUCM
_bspa
041 0 0 _aspa
060 _aQU 4
100 1 _aHarvey, Richard A.
245 1 0 _aBioquímica
_cRichard A. Harvey y Denise R. Ferrier ; traducción de Roberto Palacios Martínez
250 _a5a ed.
260 _aFiladelfia (Pensilvania, Estados Unidos)
_bWolters Kluwer Healt
_c2011
300 _a520 páginas
_bilustraciones a color
490 _alippicott's illustrated reviews
504 _aIncluye referencias bibliográficas e índice alfabético de materias.
650 0 4 _aBioquímica
_910154
650 0 4 _aMetabolismo de las proteínas
_919387
650 0 4 _aMetabolismo de los lípidos
_919390
650 0 4 _aMetabolismo
_9288
700 1 _aFerrier, Denise R.
700 1 _aPalacios Martínez, Roberto
_etraductor.
942 _cLIBRO
_a15
_e5
_mH341b
_2NLM
_hQU 4
_n0
999 _c38661
_d38661